[Event "New Zealand Championship 2023"]
[Site "Wellington"]
[Date "2023.01.09"]
[Round "8.14"]
[White "Timergazi, Layla"]
[Black "Cummings, Nick"]
[Result "1-0"]
[WhiteElo "2136"]
[BlackElo "2153"]

1. d4 {[%clk 01:30:53] [%emt 00:00:06]} 1... d5 {[%clk 01:30:57] [%emt
00:00:04]} 2. c4 {[%clk 01:31:20] [%emt 00:00:03]} 2... dxc4 {[%clk 01:31:24]
[%emt 00:00:02]} 3. Nf3 {[%clk 01:31:36] [%emt 00:00:14]} 3... Nf6 {[%clk
01:31:25] [%emt 00:00:30]} 4. e3 {[%clk 01:31:56] [%emt 00:00:09]} 4... Bg4
{[%clk 01:31:49] [%emt 00:00:06]} 5. Bxc4 {[%clk 01:32:21] [%emt 00:00:06]}
5... e6 {[%clk 01:32:11] [%emt 00:00:08]} 6. Nc3 {[%clk 01:32:35] [%emt
00:00:15]} 6... a6 {[%clk 01:30:52] [%emt 00:01:50]} 7. h3 {[%clk 01:32:51]
[%emt 00:00:15]} 7... Bh5 {[%clk 01:31:15] [%emt 00:00:06]} 8. O-O {[%clk
01:33:13] [%emt 00:00:08]} 8... Nc6 {[%clk 01:31:30] [%emt 00:00:16]} 9. b3
{[%clk 01:30:21] [%emt 00:03:22]} 9... Bd6 {[%clk 01:31:44] [%emt 00:00:16]}
10. Bb2 {[%clk 01:27:42] [%emt 00:03:08]} 10... O-O {[%clk 01:31:43] [%emt
00:00:31]} 11. Be2 {[%clk 01:23:58] [%emt 00:04:14]} 11... Qe7 {[%clk 01:32:06]
[%emt 00:00:07]} 12. Nd2 {[%clk 01:20:23] [%emt 00:04:05]} 12... Bxe2 {[%clk
01:28:05] [%emt 00:04:31]} 13. Qxe2 {[%clk 01:20:38] [%emt 00:00:14]} 13... Ba3
{[%clk 01:15:37] [%emt 00:12:57]} 14. Bxa3 {[%clk 01:19:07] [%emt 00:02:03]}
14... Qxa3 {[%clk 01:15:11] [%emt 00:00:56]} 15. Nde4 {[%clk 01:19:03] [%emt
00:00:33]} 15... Qe7 {[%clk 01:01:30] [%emt 00:14:11]} 16. Rac1 {[%clk
01:19:04] [%emt 00:00:30]} 16... Nxe4 {[%clk 00:46:04] [%emt 00:15:57]} 17.
Nxe4 {[%clk 01:19:28] [%emt 00:00:05]} 17... Nd8 {[%clk 00:43:09] [%emt
00:03:26]} 18. Nc5 {[%clk 01:19:14] [%emt 00:00:44]} 18... c6 {[%clk 00:39:46]
[%emt 00:03:52]} 19. Rfd1 {[%clk 01:18:54] [%emt 00:00:52]} 19... f5 {[%clk
00:31:30] [%emt 00:08:45]} 20. Rc3 {[%clk 01:15:59] [%emt 00:03:25]} 20... Rf6
{[%clk 00:29:15] [%emt 00:02:45]} 21. e4 {[%clk 01:12:47] [%emt 00:03:43]}
21... fxe4 {[%clk 00:29:34] [%emt 00:00:11]} 22. Qxe4 {[%clk 01:12:31] [%emt
00:00:45]} 22... Nf7 {[%clk 00:27:49] [%emt 00:02:12]} 23. Qh4 {[%clk 01:01:34]
[%emt 00:11:30]} 23... g5 {[%clk 00:26:40] [%emt 00:01:39]} 24. Qg4 {[%clk
01:00:03] [%emt 00:02:01]} 24... Rg6 {[%clk 00:21:33] [%emt 00:05:37]} 25. Re1
{[%clk 00:58:37] [%emt 00:01:57]} 25... Re8 {[%clk 00:21:22] [%emt 00:00:40]}
26. Rce3 {[%clk 00:58:16] [%emt 00:00:51]} 26... Nd8 {[%clk 00:19:18] [%emt
00:02:34]} 27. Re5 {[%clk 00:58:00] [%emt 00:00:46]} 27... Kg7 {[%clk 00:16:53]
[%emt 00:02:55]} 28. R5e3 {[%clk 00:53:20] [%emt 00:05:10]} 28... Qd6 {[%clk
00:15:55] [%emt 00:01:27]} 29. Nd3 {[%clk 00:51:44] [%emt 00:02:07]} 29... Nf7
{[%clk 00:14:44] [%emt 00:01:41]} 30. Ne5 {[%clk 00:50:33] [%emt 00:01:42]}
30... Nxe5 {[%clk 00:15:08] [%emt 00:00:06]} 31. dxe5 {[%clk 00:50:54] [%emt
00:00:09]} 31... Qc7 {[%clk 00:13:33] [%emt 00:02:04]} 32. Rd3 {[%clk 00:50:23]
[%emt 00:01:01]} 32... Re7 {[%clk 00:10:55] [%emt 00:03:08]} 33. Qb4 {[%clk
00:47:29] [%emt 00:03:24]} 33... Kh8 {[%clk 00:10:49] [%emt 00:00:35]} 34. Red1
{[%clk 00:47:01] [%emt 00:01:00]} 34... Rg8 {[%clk 00:10:34] [%emt 00:00:43]}
35. Rd6 {[%clk 00:47:05] [%emt 00:00:41]} 35... h6 {[%clk 00:07:20] [%emt
00:03:36]} 36. Qg4 {[%clk 00:46:03] [%emt 00:01:27]} 36... Qc8 {[%clk 00:04:45]
[%emt 00:03:06]} 37. R1d3 {[%clk 00:44:12] [%emt 00:02:21]} 37... Ree8 {[%clk
00:03:01] [%emt 00:02:13]} 38. Qh5 {[%clk 00:43:43] [%emt 00:00:59]} 38... Kh7
{[%clk 00:02:47] [%emt 00:00:45]} 39. Rf3 {[%clk 00:42:36] [%emt 00:01:36]}
39... Rg6 {[%clk 00:02:36] [%emt 00:00:41]} 40. Rf7+ {[%clk 01:12:47] [%emt
00:00:20]} 40... Rg7 {[%clk 00:32:56] [%emt 00:00:10]} 41. Rf6 {[%clk 01:12:53]
[%emt 00:00:23]} 41... Kg8 {[%clk 00:31:38] [%emt 00:01:48]} 42. Rxh6 {[%clk
01:12:40] [%emt 00:00:43]} 42... Kf8 {[%clk 00:31:15] [%emt 00:00:54]} 43. Rh8+
{[%clk 01:13:00] [%emt 00:00:09]} 43... Ke7 {[%clk 00:31:20] [%emt 00:00:25]}
44. Rxe8+ {[%clk 01:13:25] [%emt 00:00:06]} 44... Qxe8 {[%clk 00:31:43] [%emt
00:00:07]} 45. Rxe6+ {[%clk 01:13:52] [%emt 00:00:03]} 1-0

[Event "New Zealand Championship 2023"]
[Site "Wellington"]
[Date "2023.01.09"]
[Round "8.15"]
[White "Metge, J Nigel"]
[Black "Zhu, David Junyang"]
[Result "1-0"]
[WhiteElo "2146"]
[BlackElo "1740"]

1. d4 Nf6 2. c4 e6 3. Nc3 Bb4 4. e3 O-O 5. Bd3 d5 6. Nf3 b6 7. cxd5 exd5 8. O-O
Bb7 9. a3 Bd6 10. b4 c6 11. e4 dxe4 12. Nxe4 Nxe4 13. Bxe4 f5 14. Bb1 h6 15.
Qb3+ Kh8 16. Rd1 Nd7 17. Ra2 Qe7 18. Re1 Qf7 19. Qe6 Bc7 20. Rae2 Ne5 21. Qxf7
Nxf3+ 22. gxf3 Rxf7 23. Re7 Rxe7 24. Rxe7 Bxh2+ 25. Kxh2 Ba6 26. Bxf5 Bb5 27.
Bb2 a5 28. d5 cxd5 29. Rxg7 1-0

[Event "New Zealand Championship 2023"]
[Site "Wellington"]
[Date "2023.01.09"]
[Round "8.16"]
[White "Park-Tamati, Philli"]
[Black "Masters, Andrew D"]
[Result "1/2-1/2"]
[WhiteElo "2065"]
[BlackElo "1946"]

1. d4 d5 2. Bf4 c5 3. e3 cxd4 4. exd4 Nc6 5. c3 f6 6. Bd3 e5 7. dxe5 fxe5 8.
Qh5+ g6 9. Bxg6+ hxg6 10. Qxh8 exf4 11. Qxg8 Bf5 12. Ne2 f3 13. gxf3 Ne5 14.
Nd4 Nd3+ 15. Kd1 Nxf2+ 16. Ke2 Qb6 17. Kxf2 Qxb2+ 18. Kg3 O-O-O 19. Nxf5 gxf5
20. Qe6+ Kb8 21. Nd2 f4+ 22. Kf2 Qxd2+ 23. Qe2 Bc5+ 24. Kf1 Qxc3 25. Rd1 Be3
26. Qd3 Qg7 27. Qc2 Rc8 28. Qg2 Qh7 29. h4 Rc2 30. Qg5 Rf2+ 31. Ke1 Qh8 32. Rc1
1/2-1/2

[Event "New Zealand Championship 2023"]
[Site "Wellington"]
[Date "2023.01.09"]
[Round "8.17"]
[White "Mao, Daqi"]
[Black "Wang, Aaron Ziwen"]
[Result "1-0"]
[WhiteElo "2085"]
[BlackElo "1945"]

1. d4 Nf6 2. c4 g6 3. Nc3 Bg7 4. e4 d6 5. Nf3 O-O 6. Be2 e5 7. dxe5 dxe5 8.
Qxd8 Rxd8 9. Bg5 Re8 10. O-O-O c6 11. Rd6 Nbd7 12. Rhd1 h6 13. Bh4 g5 14. Bg3
Bf8 15. R6d3 Bb4 16. Na4 Nxe4 17. Rxd7 Bxd7 18. Rxd7 Nxg3 19. hxg3 e4 20. Nh2
Rad8 21. Rxb7 Bd2+ 22. Kb1 e3 23. f4 Ba5 24. b4 Rb8 25. Rxb8 Rxb8 26. a3 Bc7
27. fxg5 hxg5 28. Nf1 f5 29. Nc5 Bd6 30. Ne6 Be7 31. Nxe3 c5 32. Nxf5 Kf7 33.
Nxe7 Kxe6 34. Nc6 Rb6 35. b5 a6 36. a4 axb5 37. cxb5 1-0

[Event "New Zealand Championship 2023"]
[Site "Wellington"]
[Date "2023.01.09"]
[Round "8.18"]
[White "Young, Cohen"]
[Black "McDougall, Euan"]
[Result "1-0"]
[WhiteElo "1994"]
[BlackElo "1995"]

1. e4 c5 2. Nf3 a6 3. c4 Nc6 4. d4 cxd4 5. Nxd4 e6 6. Nc2 Nf6 7. Nc3 b6 8. Be2
Bb7 9. Be3 Rb8 10. O-O Be7 11. a3 d6 12. f4 O-O 13. Qd3 Nd7 14. b4 f5 15. Rad1
Bc8 16. Bf3 Qc7 17. exf5 Nf6 18. fxe6 Bxe6 19. Nd5 Bxd5 20. cxd5 Na7 21. Nd4
Rfe8 22. Qxa6 Qd7 23. Rc1 Ra8 24. Qd3 Ng4 25. Bxg4 Qxg4 26. Ne6 Rab8 27. h3 Qh5
28. Bxb6 Rxb6 29. Qd4 Bf6 30. Qxb6 Qxd5 31. Qxa7 Qxe6 32. Rfe1 1-0

[Event "New Zealand Championship 2023"]
[Site "Wellington"]
[Date "2023.01.09"]
[Round "8.19"]
[White "Qin, Oscar Shu Xuan"]
[Black "Van der Hoorn, Thomas"]
[Result "1/2-1/2"]
[WhiteElo "1964"]
[BlackElo "2068"]

1. e4 c6 2. d4 d5 3. exd5 cxd5 4. c4 Nf6 5. Nc3 Nc6 6. Nf3 Bg4 7. cxd5 Nxd5 8.
Qb3 Bxf3 9. gxf3 e6 10. Qxb7 Nxd4 11. Bb5+ Nxb5 12. Qc6+ Ke7 13. Qxb5 Qd7 14.
Nxd5+ Qxd5 15. Qxd5 exd5 16. Bg5+ f6 17. Be3 Ke6 18. O-O-O Rc8+ 19. Kb1 Bc5 20.
Rhe1 Bxe3 21. Rxe3+ Kf7 22. Rxd5 Rc7 23. Red3 Ke6 24. a4 Rb8 25. R5d4 1/2-1/2

[Event "New Zealand Championship 2023"]
[Site "Wellington"]
[Date "2023.01.09"]
[Round "8.20"]
[White "Ha, Timothy Huy Minh"]
[Black "Tanoi, T Edward"]
[Result "1/2-1/2"]
[WhiteElo "1812"]
[BlackElo "1993"]

1. d4 Nf6 2. Nf3 e6 3. g3 d5 4. Bg2 c5 5. c4 cxd4 6. cxd5 Nxd5 7. O-O Be7 8.
Nxd4 O-O 9. e4 Nb4 10. Nc3 e5 11. Nf5 Bf6 12. Be3 N8c6 13. a3 Na6 14. Nd5 Re8
15. Nxf6+ Qxf6 16. Qa4 Rd8 17. Rad1 Bxf5 18. exf5 Nd4 19. b4 b5 20. Qa5 Rab8
21. a4 bxa4 22. b5 Rxb5 23. Qxa4 Qb6 24. Ra1 Nb4 25. Qxa7 Nbc2 26. Bxd4 exd4
27. Qxb6 Rxb6 28. Rad1 Rbd6 1/2-1/2

[Event "New Zealand Championship 2023"]
[Site "Wellington"]
[ePGN "0.1;DGT LiveChess/2.2.5"]
[Date "2023.01.10"]
[Round "9.1"]
[White "Rains, Edward"]
[Black "Moradiabadi, Elshan"]
[Result "1/2-1/2"]
[TimeControl "90 mins + 30 mins (after 40 moves), additional 30 secs per move"]
[WhiteTitle "CM"]
[BlackTitle "GM"]
[WhiteFideId "4302940"]
[BlackFideId "12501255"]
[WhiteElo "2180"]
[BlackElo "2514"]

1. e4 {[%clk 01:30:51]} {[%emt 00:00:06]} c5 {[%clk 01:29:49]} {[%emt
00:01:13]} 2. Nc3 {[%clk 01:31:10]} {[%emt 00:00:11]} e6 {[%clk 01:30:16]}
{[%emt 00:00:03]} 3. Nge2 {[%clk 01:31:31]} {[%emt 00:00:09]} Nc6 {[%clk
01:29:37]} {[%emt 00:01:10]} 4. g3 {[%clk 01:31:40]} {[%emt 00:00:19]} d5
{[%clk 01:28:05]} {[%emt 00:02:02]} 5. exd5 {[%clk 01:31:57]} {[%emt 00:00:14]}
exd5 {[%clk 01:28:34]} {[%emt 00:00:01]} 6. d4 {[%clk 01:32:12]} {[%emt
00:00:14]} Bg4 {[%clk 01:27:16]} {[%emt 00:01:49]} 7. Bg2 {[%clk 01:32:26]}
{[%emt 00:00:16]} Nxd4 {[%clk 01:23:07]} {[%emt 00:04:39]} 8. h3 {[%clk
01:32:31]} {[%emt 00:00:24]} Bf3 {[%clk 01:23:33]} {[%emt 00:00:05]} 9. Kf1
{[%clk 01:32:41]} {[%emt 00:00:20]} Qf6 {[%clk 01:13:07]} {[%emt 00:10:57]} 10.
Bf4 {[%clk 01:27:29]} {[%emt 00:05:41]} Nxe2 {[%clk 01:01:51]} {[%emt
00:11:46]} 11. Bxf3 {[%clk 01:23:30]} {[%emt 00:04:28]} Nxf4 {[%clk 01:02:17]}
{[%emt 00:00:04]} 12. gxf4 {[%clk 01:16:39]} {[%emt 00:07:21]} O-O-O {[%clk
01:02:01]} {[%emt 00:00:47]} 13. Nxd5 {[%clk 01:15:43]} {[%emt 00:01:26]} Qe6
{[%clk 00:59:09]} {[%emt 00:03:16]} 14. c4 {[%clk 01:12:50]} {[%emt 00:03:29]}
Ne7 {[%clk 00:57:30]} {[%emt 00:02:09]} 15. Qa4 {[%clk 01:09:07]} {[%emt
00:04:13]} Nxd5 {[%clk 00:57:32]} {[%emt 00:00:28]} 16. Bxd5 {[%clk 01:08:26]}
{[%emt 00:01:10]} Qb6 {[%clk 00:58:01]} {[%emt 00:00:01]} 17. Rb1 {[%clk
01:05:46]} {[%emt 00:03:10]} Bd6 {[%clk 00:57:33]} {[%emt 00:00:59]} 18. Rg1
{[%clk 01:02:21]} {[%emt 00:03:55]} Bxf4 {[%clk 00:46:06]} {[%emt 00:11:57]} 19.
Rxg7 {[%clk 00:56:03]} {[%emt 00:06:47]} Rd7 {[%clk 00:21:13]} {[%emt
00:25:24]} 20. Re1 {[%clk 00:39:09]} {[%emt 00:17:24]} Rhd8 {[%clk 00:14:48]}
{[%emt 00:06:56]} 21. Rxf7 {[%clk 00:34:15]} {[%emt 00:05:23]} Rxf7 {[%clk
00:13:48]} {[%emt 00:01:30]} 22. Bxf7 {[%clk 00:34:38]} {[%emt 00:00:06]} a6
{[%clk 00:14:16]} {[%emt 00:00:03]} 23. Re8 {[%clk 00:32:34]} {[%emt 00:02:33]}
Kb8 {[%clk 00:14:31]} {[%emt 00:00:16]} 1/2-1/2

[Event "New Zealand Championship 2023"]
[Site "Wellington"]
[Date "2023.01.10"]
[Round "9.3"]
[White "Shoker, Samy"]
[Black "Croad, Nicolas"]
[Result "1-0"]
[TimeControl "90 mins + 30 mins (after 40 moves), additional 30 secs per move"]
[WhiteTitle "GM"]
[BlackTitle "FM"]
[WhiteFideId "627143"]
[BlackFideId "4300793"]
[WhiteElo "2491"]
[BlackElo "2442"]

1. Nf3 {[%clk 01:30:57]} {[%emt 00:00:03]} d5 {[%clk 01:30:55]} {[%emt
00:00:06]} 2. g3 {[%clk 01:31:22]} {[%emt 00:00:05]} Bg4 {[%clk 01:31:19]}
{[%emt 00:00:05]} 3. Bg2 {[%clk 01:31:48]} {[%emt 00:00:04]} Nd7 {[%clk
01:31:42]} {[%emt 00:00:07]} 4. d3 {[%clk 01:25:18]} {[%emt 00:07:00]} c6
{[%clk 01:27:10]} {[%emt 00:05:02]} 5. Nbd2 {[%clk 01:24:05]} {[%emt 00:01:43]}
e6 {[%clk 01:26:11]} {[%emt 00:01:29]} 6. h3 {[%clk 01:23:01]} {[%emt
00:01:34]} Bh5 {[%clk 01:26:27]} {[%emt 00:00:14]} 7. O-O {[%clk 01:22:42]}
{[%emt 00:00:48]} Be7 {[%clk 01:19:37]} {[%emt 00:07:20]} 8. c4 {[%clk
01:22:28]} {[%emt 00:00:44]} Ngf6 {[%clk 01:19:40]} {[%emt 00:00:27]} 9. b3
{[%clk 01:22:52]} {[%emt 00:00:06]} O-O {[%clk 01:19:38]} {[%emt 00:00:31]} 10.
Bb2 {[%clk 01:23:19]} {[%emt 00:00:03]} a5 {[%clk 01:18:09]} {[%emt 00:01:59]}
11. a3 {[%clk 01:23:44]} {[%emt 00:00:06]} b5 {[%clk 01:14:33]} {[%emt
00:04:06]} 12. Qc2 {[%clk 01:21:50]} {[%emt 00:02:24]} bxc4 {[%clk 01:11:54]}
{[%emt 00:03:09]} 13. bxc4 {[%clk 01:22:01]} {[%emt 00:00:19]} Qb6 {[%clk
01:07:49]} {[%emt 00:04:35]} 14. Rab1 {[%clk 01:18:54]} {[%emt 00:03:37]} Qa6
{[%clk 01:07:34]} {[%emt 00:00:45]} 15. g4 {[%clk 01:14:27]} {[%emt 00:04:58]}
Bg6 {[%clk 01:07:56]} {[%emt 00:00:07]} 16. Nh4 {[%clk 01:14:22]} {[%emt
00:00:35]} Rfd8 {[%clk 00:52:02]} {[%emt 00:16:24]} 17. e3 {[%clk 01:01:34]}
{[%emt 00:13:18]} Ne8 {[%clk 00:51:36]} {[%emt 00:00:57]} 18. Nxg6 {[%clk
01:01:32]} {[%emt 00:00:31]} hxg6 {[%clk 00:52:01]} {[%emt 00:00:05]} 19. f4
{[%clk 01:00:26]} {[%emt 00:01:36]} Nd6 {[%clk 00:46:36]} {[%emt 00:05:55]} 20.
c5 {[%clk 00:57:01]} {[%emt 00:03:55]} Ne8 {[%clk 00:45:30]} {[%emt 00:01:36]}
21. d4 {[%clk 00:57:25]} {[%emt 00:00:06]} Rdb8 {[%clk 00:41:49]} {[%emt
00:04:11]} 22. a4 {[%clk 00:52:04]} {[%emt 00:05:51]} Bd8 {[%clk 00:38:53]}
{[%emt 00:03:26]} 23. e4 {[%clk 00:43:35]} {[%emt 00:08:58]} dxe4 {[%clk
00:34:46]} {[%emt 00:04:38]} 24. Qxe4 {[%clk 00:43:11]} {[%emt 00:00:54]} Rc8
{[%clk 00:34:41]} {[%emt 00:00:36]} 25. g5 {[%clk 00:43:03]} {[%emt 00:00:37]}
Rab8 {[%clk 00:34:00]} {[%emt 00:01:11]} 26. Bc3 {[%clk 00:42:13]} {[%emt
00:01:20]} Kf8 {[%clk 00:29:46]} {[%emt 00:04:44]} 27. Rfe1 {[%clk 00:39:06]}
{[%emt 00:03:38]} Qa7 {[%clk 00:26:19]} {[%emt 00:04:03]} 28. Nc4 {[%clk
00:38:01]} {[%emt 00:01:29]} Bc7 {[%clk 00:23:52]} {[%emt 00:02:57]} 29. Bd2
{[%clk 00:27:50]} {[%emt 00:10:40]} Bd8 {[%clk 00:21:07]} {[%emt 00:03:16]} 30.
h4 {[%clk 00:27:55]} {[%emt 00:00:25]} Nc7 {[%clk 00:19:09]} {[%emt 00:02:28]}
31. Rxb8 {[%clk 00:27:07]} {[%emt 00:01:18]} Rxb8 {[%clk 00:16:59]} {[%emt
00:02:40]} 32. Nxa5 {[%clk 00:21:27]} {[%emt 00:06:10]} Rb2 {[%clk 00:14:42]}
{[%emt 00:02:46]} 33. Nxc6 {[%clk 00:21:33]} {[%emt 00:00:24]} Qxa4 {[%clk
00:14:52]} {[%emt 00:00:20]} 34. Bc1 {[%clk 00:21:40]} {[%emt 00:00:23]} f5
{[%clk 00:10:16]} {[%emt 00:05:07]} 35. gxf6 {[%clk 00:20:17]} {[%emt
00:01:53]} Nxf6 {[%clk 00:10:40]} {[%emt 00:00:05]} 36. Qxg6 {[%clk 00:20:07]}
{[%emt 00:00:41]} Ra2 {[%clk 00:10:45]} {[%emt 00:00:24]} 37. Be3 {[%clk
00:17:52]} {[%emt 00:02:45]} Ra1 {[%clk 00:10:02]} {[%emt 00:01:14]} 38. Rxa1
{[%clk 00:17:11]} {[%emt 00:01:10]} Qxa1+ {[%clk 00:10:28]} {[%emt 00:00:04]}
39. Kh2 {[%clk 00:15:49]} {[%emt 00:01:52]} Qe1 {[%clk 00:08:57]} {[%emt
00:02:01]} 40. Nxd8 {[%clk 00:45:44]} {[%emt 00:00:35]} Kg8 {[%clk 00:38:44]}
{[%emt 00:00:43]} 41. Bg1 {[%clk 00:40:40]} {[%emt 00:05:33]} Qxh4+ {[%clk
00:34:16]} {[%emt 00:04:58]} 42. Bh3 {[%clk 00:41:05]} {[%emt 00:00:05]} Qxf4+
{[%clk 00:34:16]} {[%emt 00:00:38]} 43. Qg3 {[%clk 00:41:11]} {[%emt 00:00:16]}
Qd2+ {[%clk 00:34:21]} {[%emt 00:00:25]} 44. Kh1 {[%clk 00:38:25]} {[%emt
00:03:15]} Qh6 {[%clk 00:32:43]} {[%emt 00:02:10]} 45. Qe3 {[%clk 00:37:18]}
{[%emt 00:01:36]} Qh4 {[%clk 00:25:42]} {[%emt 00:07:32]} 46. Nxe6 {[%clk
00:36:39]} {[%emt 00:01:08]} Ncd5 {[%clk 00:24:57]} {[%emt 00:01:15]} 47. Bf2
{[%clk 00:34:50]} {[%emt 00:02:19]} Qh5 {[%clk 00:25:02]} {[%emt 00:00:25]} 48.
Qg3 {[%clk 00:35:03]} {[%emt 00:00:15]} g6 {[%clk 00:19:09]} {[%emt 00:06:26]}
49. Qb8+ {[%clk 00:34:03]} {[%emt 00:01:31]} 1-0

[Event "New Zealand Championship 2023"]
[Site "Wellington"]
[Date "2023.01.10"]
[Round "9.4"]
[White "Zhang, Jasmine Haomo"]
[Black "Ker, Anthony F"]
[Result "0-1"]
[TimeControl "90 mins + 30 mins (after 40 moves), additional 30 secs per move"]
[WhiteTitle "WIM"]
[BlackTitle "IM"]
[WhiteFideId "4304632"]
[BlackFideId "4300084"]
[WhiteElo "2117"]
[BlackElo "2425"]

1. d4 {[%clk 01:30:56]} {[%emt 00:00:04]} Nf6 {[%clk 01:30:52]} {[%emt
00:00:08]} 2. Bf4 {[%clk 01:31:17]} {[%emt 00:00:08]} e6 {[%clk 01:31:15]}
{[%emt 00:00:08]} 3. e3 {[%clk 01:31:40]} {[%emt 00:00:07]} c5 {[%clk
01:31:32]} {[%emt 00:00:13]} 4. Nd2 {[%clk 01:31:59]} {[%emt 00:00:11]} Be7
{[%clk 01:31:29]} {[%emt 00:00:33]} 5. c3 {[%clk 01:32:13]} {[%emt 00:00:17]}
b6 {[%clk 01:30:52]} {[%emt 00:01:07]} 6. h3 {[%clk 01:32:16]} {[%emt
00:00:26]} Bb7 {[%clk 01:31:06]} {[%emt 00:00:17]} 7. Ngf3 {[%clk 01:32:33]}
{[%emt 00:00:12]} cxd4 {[%clk 01:30:51]} {[%emt 00:00:45]} 8. exd4 {[%clk
01:32:57]} {[%emt 00:00:06]} d6 {[%clk 01:31:02]} {[%emt 00:00:19]} 9. Bd3
{[%clk 01:32:36]} {[%emt 00:00:51]} Nbd7 {[%clk 01:30:59]} {[%emt 00:00:33]} 10.
Nc4 {[%clk 01:26:49]} {[%emt 00:06:17]} Qc7 {[%clk 01:30:49]} {[%emt 00:00:40]}
11. a4 {[%clk 01:27:07]} {[%emt 00:00:13]} O-O {[%clk 01:30:16]} {[%emt
00:01:03]} 12. O-O {[%clk 01:27:07]} {[%emt 00:00:29]} Rfe8 {[%clk 01:18:24]}
{[%emt 00:12:23]} 13. Re1 {[%clk 01:27:06]} {[%emt 00:00:31]} Bf8 {[%clk
01:18:11]} {[%emt 00:00:43]} 14. Bh2 {[%clk 01:23:35]} {[%emt 00:04:02]} g6
{[%clk 01:16:38]} {[%emt 00:02:02]} 15. Nfd2 {[%clk 01:15:14]} {[%emt
00:08:50]} Qc6 {[%clk 01:14:10]} {[%emt 00:02:59]} 16. Ne3 {[%clk 01:13:57]}
{[%emt 00:01:47]} a6 {[%clk 01:13:32]} {[%emt 00:01:09]} 17. c4 {[%clk
01:08:08]} {[%emt 00:06:19]} Bh6 {[%clk 01:02:34]} {[%emt 00:11:27]} 18. f3
{[%clk 01:04:31]} {[%emt 00:04:07]} d5 {[%clk 00:58:29]} {[%emt 00:04:36]} 19.
Rc1 {[%clk 01:02:04]} {[%emt 00:02:57]} Rac8 {[%clk 00:56:57]} {[%emt
00:02:02]} 20. Bf1 {[%clk 00:46:40]} {[%emt 00:15:54]} e5 {[%clk 00:46:49]}
{[%emt 00:10:37]} 21. dxe5 {[%clk 00:41:12]} {[%emt 00:05:58]} Nxe5 {[%clk
00:47:03]} {[%emt 00:00:17]} 22. f4 {[%clk 00:39:50]} {[%emt 00:01:51]} Nxc4
{[%clk 00:39:59]} {[%emt 00:07:34]} 23. Ndxc4 {[%clk 00:35:15]} {[%emt
00:05:05]} dxc4 {[%clk 00:40:21]} {[%emt 00:00:08]} 24. Rxc4 {[%clk 00:35:04]}
{[%emt 00:00:41]} Qe6 {[%clk 00:36:41]} {[%emt 00:04:10]} 25. Nc2 {[%clk
00:30:52]} {[%emt 00:04:42]} Qd5 {[%clk 00:35:27]} {[%emt 00:01:44]} 26. Rxe8+
{[%clk 00:30:18]} {[%emt 00:01:04]} Rxe8 {[%clk 00:35:29]} {[%emt 00:00:28]} 27.
Rd4 {[%clk 00:30:20]} {[%emt 00:00:28]} Qc6 {[%clk 00:33:54]} {[%emt 00:02:05]}
28. Rc4 {[%clk 00:20:46]} {[%emt 00:10:03]} Qd5 {[%clk 00:31:43]} {[%emt
00:02:41]} 29. Rd4 {[%clk 00:19:15]} {[%emt 00:02:01]} Qc6 {[%clk 00:24:52]}
{[%emt 00:07:22]} 30. Rc4 {[%clk 00:18:22]} {[%emt 00:01:23]} Qe6 {[%clk
00:24:57]} {[%emt 00:00:24]} 31. Rc7 {[%clk 00:14:48]} {[%emt 00:04:05]} Qe4
{[%clk 00:24:34]} {[%emt 00:00:53]} 32. Rc4 {[%clk 00:13:54]} {[%emt 00:01:24]}
Qe7 {[%clk 00:24:38]} {[%emt 00:00:26]} 33. f5 {[%clk 00:12:30]} {[%emt
00:01:54]} Be3+ {[%clk 00:22:46]} {[%emt 00:02:23]} 34. Nxe3 {[%clk 00:09:58]}
{[%emt 00:03:02]} Qxe3+ {[%clk 00:23:08]} {[%emt 00:00:07]} 35. Kh1 {[%clk
00:10:25]} {[%emt 00:00:03]} Ne4 {[%clk 00:23:12]} {[%emt 00:00:26]} 36. Bg1
{[%clk 00:05:35]} {[%emt 00:05:20]} Ng3+ {[%clk 00:22:17]} {[%emt 00:01:24]} 37.
Kh2 {[%clk 00:06:00]} {[%emt 00:00:05]} Qe5 {[%clk 00:22:34]} {[%emt 00:00:14]}
38. Bd3 {[%clk 00:05:58]} {[%emt 00:00:32]} Ne2+ {[%clk 00:17:35]} {[%emt
00:05:29]} 39. Kh1 {[%clk 00:06:18]} {[%emt 00:00:09]} Bxg2+ {[%clk 00:17:58]}
{[%emt 00:00:07]} 40. Kxg2 {[%clk 00:36:31]} {[%emt 00:00:17]} Qg3+ {[%clk
00:48:23]} {[%emt 00:00:06]} 41. Kh1 {[%clk 00:31:20]} {[%emt 00:05:41]} Qxh3+
{[%clk 00:48:44]} {[%emt 00:00:10]} 42. Bh2 {[%clk 00:31:43]} {[%emt 00:00:07]}
Qf3# {[%clk 00:49:05]} {[%emt 00:00:05]} 0-1